000 00713nam a2200229 i 4500
001 bg
245 0 _aMaszyny i urządzenia dla przemysłu zbożowo-paszowego.
260 _aWarszawa :
_bWEMA,
_c1987.
490 1 _aMaszyny i Urządzenia dla Przemysłu Spożywczego
650 9 _aPrzemysł rolno-spożywczy
_xnarzędzia i maszyny
650 9 _aMłynarstwo
_xnarzędzia i maszyny
650 9 _aPiekarstwo
_xnarzędzia i maszyny
655 _aKatalogi
700 1 _aJĄKALSKA, Aleksandra
700 1 _aTOMCZYK, Stanisław
830 _aMaszyny i Urządzenia dla Przemysłu Spożywczego
040 _cBPK
041 _apl
080 _a664(081.3)
942 _cKA
008 s pl f |000 0 pol
999 _c318
_d318
856 _uhttp://koha.tu.koszalin.pl/cgi-bin/koha/opac-detail.pl?biblionumber=318
_yKatalog online BPK